Statistiques concernant Les pokémons de type glace (FR)

Cliquez ici pour prendre le quiz!

Statistiques générales

  • Ce quiz a été pris 814 fois
    (564 depuis la dernière actualisation)
  • Le résultat moyen est 28 sur 40

Statistiques - réponses

NuméroPokémon% Correct
144Artikodin
91%
362Oniglali
87%
361Stalgamin
87%
87Lamantine
86%
124Lippoutou
84%
478Momartik
83%
131Lokhlass
81%
460Blizzaroi
80%
459Blizzi
80%
215Farfuret
80%
461Dimoret
79%
363Obalie
79%
365Kaimorse
78%
584Sorbouboul
78%
583Sorboul
78%
221Cochignon
77%
471Givrali
77%
364Phogleur
77%
582Sorbébé
77%
220Marcacrin
76%
615Hexagel
75%
238Lippouti
75%
473Mammochon
75%
91Crustabri
74%
646Kyurem
74%
613Polarhume
74%
614Polagriffe
71%
713Séracrawl
70%
712Grelaçon
69%
225Cadoizo
65%
378Regice
63%
37Goupix d'Alola
60%
38Feunard d'Alola
59%
27Sabelette d'Alola
59%
28Sablaireau d'Alola
59%
699Dragmara
44%
698Amagara
43%
740Crabominable
34%
479Motisma Forme Froid
14%
351Morphéo Forme Neige
9%

Distribution des résultats

Percentile par nombre de réponses

% des personnes avec chaque résultat

Votre développement - résultats

Vous n’avez pas pris ce quiz depuis la dernière actualisation